Philippines Cities - Sudden Death - Statistics

General Stats
  • This quiz has been taken 466 times
  • The average score is 12 of 30
Answers on the Grid
Answers color-coded by a green-red scale on the quiz's grid according to % correct below.
Bacolod
Iloilo City
Manila
Cebu City
Cagayan de Oro
Quezon City
Vigan City
Baguio
Tarlac
Naga
Tacloban
Dumaguete
Davao City
Puerto Princesa
Ormoc City
Tagbilaran
Masbate
Tuguegarao
Dipolog
Pagadian
Carcar
Roxas
Kalibo
Calbayog
Bulan
Legazpi
Batangas
San Fernando
Tacurong
Koronadal
South Bacolod
Pampanga
General Roxas
Cagayan del Norte
MacArthur Point
Magsaysay
Taal City
Pinatubo City
Ildefonso City
Lacson City
Antique City
Romblon
South Masbate
San Vincente
San Antonio
Baybay City
Porto de Manila
North Paranaque
Aquino City
Arroyo City
 
Answer Stats
Answer % Correct
Cebu City
65%
Manila
62%
Davao City
60%
Quezon City
60%
Iloilo City
54%
Bacolod
52%
Baguio
49%
Tacloban
48%
Puerto Princesa
46%
Batangas
44%
Legazpi
43%
Naga
43%
Vigan City
43%
San Fernando
41%
Dumaguete
39%
Tarlac
39%
Roxas
38%
Cagayan de Oro
37%
Ormoc City
36%
Tuguegarao
36%
Masbate
34%
Tagbilaran
34%
Dipolog
30%
Koronadal
30%
Pagadian
30%
Kalibo
29%
Carcar
28%
Calbayog
26%
Tacurong
16%
Bulan
9%
No matching quizzes found
Score Distribution
Percent of People with Each Score
Percentile by Number Answered
Your Score History
You have not taken this quiz